Diseño simplificado de concreto reforzado
Salvato in:
| Autore principale: | |
|---|---|
| Natura: | Libro |
| Lingua: | Undetermined |
| Pubblicazione: |
México : Limusa
1986
|
| Edizione: | 3 |
| Soggetti: | |
| Tags: |
Aggiungi Tag
Nessun Tag, puoi essere il primo ad aggiungerne!!
|
MARC
| LEADER | 00000nam a2200000Ia 4500 | ||
|---|---|---|---|
| 003 | 000198 | ||
| 005 | 20221231144012.0 | ||
| 008 | 140114s9999 xx 000 0 und d | ||
| 040 | |c cru CEDI | ||
| 082 | |a 693.54 P239d | ||
| 100 | |a Parker, Harry |9 18383 | ||
| 245 | |a Diseño simplificado de concreto reforzado | ||
| 250 | |a 3 | ||
| 260 | |a México : Limusa |c 1986 | ||
| 300 | |a 349 hojas ; ilustraciones | ||
| 500 | |a Titulo original Simplified desing of concrete structures | ||
| 650 | |x CONSTRUCCIONES DE HORMIGON ARMADO |9 18422 | ||
| 942 | |2 ddc |c BK | ||
| 999 | |c 15463 |d 15463 | ||
